00773nam a22002175i 4500001000700000003000900007005001700016008004100033020001800074080002100092100003100113245018500144250001500329260003400344300002200378490002900400700001800429700002700447830002900474852005200503183170ES-MaACL20240126063026.0140128s1992 sp | |||| ||spa d a84-350-9124-4 a821.133.1-84"18"1 aProust, Marcel,d1871-192210aMáximas y pensamientos b: extraídos de su obra "En busca del tiempo perdido" / cMarcel Proust ; compilación de Carles Besa ; traducción y prólogo de Lluís Mª Todó. a[1ª ed.]. aBarcelona : bEdhasa, c1992. a155 p. ; c19 cm.1 aAforismos (Edhasa) ; v11 aBesa, Carlos.0 aTodó, Lluís Maria.0 aAforismos (Edhasa) ; v1 aES-MaACLjL-29984 z.- Donat. Miguel A. Velasco